01333 2200373 4500001002100000005001500021035002000036007000300056008004100059020003800100020003300138082001400171084001600185100003700201245021000238300003900448650004100487700003300528700002900561700003400590700004200624700002800666700002600694504002900720264003600749336002100785337003000806338002300836040002200859090002200881850001200903999002200915990002200937INLIS00000000086916520220325021836 a0010-0322000831ta220325s2020 yoia c | ind d a978-979-28-3628-8 (jilid lengkap) a978-979-28-3629-5 (jilid 1a)04223a372.6 a372.6 APR b0 aApriyanto Dwi SantosoePengarang10aBahasa Indonesia :buntuk SMP/MTs kelas VII semester 1 /cApriyanto Dwi Santoso, Ika Setiyaningsih, Uti Darmawati; penyunting, Ika Yuliana Putri, Raden Dwi Gita Apriliyani; ilustrasi, Punto F. A., M. Yusuf avi, 122 halaman :bgambar ;c28 cm 4aBahasa Indonesia--xPendidikan dasar0 aIka SetiyaningsihePengarang0 aUti DarmawatiePengarang0 aIka Yuliana PutriePenyunting0 aRaden Dwi Gita ApriliyaniePenyunting0 aPunto F. A.eIlustrator0 aYusuf, M.eIlustrator aBibliografi: halaman 11531aBantul :bIntan Pariwara,c2020 2rdacontentateks 2rdamediaatanpa perantara 2rdacarrieravolume aYOPDYOGbinderda aCB-D.11 2020-3489 aYOPDYOG aCB-D.11/2020-3489 aCB-D.11/2020-3489